Language Quiz

Random Language or Letter Quiz
Score 0/34 Timer 06:00
1 Play Today
Letters Answer % Correct
AMIAMIGO
96.6%
ARARGO
95%
ADGOAD
94.5%
GGLESGOGGLES
94.4%
BINBINGO
94.2%
DINDINGO
93%
EEGO
92.7%
ANYAGONY
91.8%
OFGOOF
91.5%
POPOGO
91.4%
BONBONGO
91.3%
ODSGOODS
91.2%
ARNARGON
91.1%
JARNJARGON
91%
FORESFORGOES
90%
RYGORY
89.2%
BSGOBS
88%
Letters Answer % Correct
HANUTHANGOUT
87.9%
LAONLAGOON
87.5%
UTGOUT
87.5%
BENEBEGONE
87%
DEMIDDEMIGOD
86.3%
URDGOURD
86%
CATERYCATEGORY
85.3%
AGAGOG
84.8%
SNAPDRANSNAPDRAGON
84.6%
PADAPAGODA
84.2%
RNZOLAGORGONZOLA
82.4%
RIRSRIGORS
76.5%
SPITSSPIGOTS
74.1%
PEDAGUEPEDAGOGUE
72.8%
PLAYERPLAYGOER
71.2%
LGOGOL
60.6%
OLGOOGOL
49.3%

You're not logged in!

Compare scores with friends on all Sporcle quizzes.
OR
Log In

Sporcle TV

Today on Sporcle TV


Watch our educational content, quiz creation guides, and fun videos on Sporcle TV.

Show Comments

Extras

Top Quizzes Today


Score Distribution

Paid Content

Your Account Isn't Verified!

In order to create a playlist on Sporcle, you need to verify the email address you used during registration. Go to your Sporcle Settings to finish the process.

Report this User

Report this user for behavior that violates our Community Guidelines.

Details: